| 000 | 00858cam a2200217 4500 | ||
|---|---|---|---|
| 001 | X123971 | ||
| 008 | 031022n2003 000 0 eng u | ||
| 035 | _a(Sirsi) u123971 | ||
| 100 | _aWilliamson, H. | ||
| 245 | _aPay greater attention to the potential costs | ||
| 260 | _c2003 | ||
| 490 |
_aEstates Gazette _v(0341) 11 October 2003, 175(1) |
||
| 520 | _aExamines the changes brought about by the Civil Procedure Rules 1999. These rules cover the courts' approach to awarding costs at the end of cases. Discusses issues such as the awarding of costs when a successful party have behaved unreasonably such as lengthening a hearing. It specifically covers a dilapidations case. | ||
| 590 | _aABS | ||
| 650 | _aCOSTS | ||
| 650 |
_aDilapidations _96235 |
||
| 650 | _aJUDGMENTS | ||
| 650 | _aCIVIL PROCEEDURE RULES | ||
| 690 | _aLAW-UK | ||
| 942 | _n0 | ||
| 999 |
_c73624 _d73624 |
||